Are you paying too much tax? /

Bibliographic Details
Main Author: Beach, Wayne, 1947-
Other Authors: Hepburn, Lyle R., 1942-
Format: Book
Language:English
Published: Toronto : McGraw-Hill Ryerson, 1977.
Subjects:

MARC

Tag First Indicator Second Indicator Subfields
LEADER 00000cam a2200000 i 4500
001 in00000360708
005 20151011062221.0
008 770601s1977 onc 00010 eng
010 |a  77362124  
015 |a C77-1088-1 
020 |a 0070824991 :  |c $5.95 
035 |a (OCoLC)03069718 
035 |9 ABM9923AM 
040 |a DLC  |c DLC  |d TXA  |d UtOrBLW 
043 |a n-cn--- 
049 |a TXAM  |c [1436194] 
050 0 0 |a KE5682.Z82  |b B4 
082 0 |a 343/.71/052 
100 1 |a Beach, Wayne,  |d 1947- 
245 1 0 |a Are you paying too much tax? /  |c Wayne Beach, Lyle R. Hepburn. 
264 1 |a Toronto :  |b McGraw-Hill Ryerson,  |c 1977. 
300 |a 172 pages ;  |c 26 cm. 
336 |a text  |b txt  |2 rdacontent 
337 |a unmediated  |b n  |2 rdamedia 
338 |a volume  |b nc  |2 rdacarrier 
650 0 |a Tax planning  |z Canada. 
700 1 |a Hepburn, Lyle R.,  |d 1942- 
999 |a MARS 
999 f f |s bdcc17e8-3e24-3afd-aab9-54bebb9a8ca1  |i 5b08897a-d66f-3c40-99c3-42dd8a502808  |t 0 
952 f f |p ric  |a Texas A&M University  |b Rellis Campus  |c Joint Library Facility  |d Remote Storage  |t 0  |e KE5682.Z82 B4  |h Library of Congress classification  |i unmediated -- volume  |m A14803154538 
998 f f |a KE5682.Z82 B4  |t 0  |l Remote Storage